000 00225nam a2200097Ia 4500
008 120527s9999 xx 000 0 und d
100 _aOKALI,CHRISTINE
245 _aFarmer participatory research
260 _bI.T
942 _cBK
999 _c25095
_d25095